Normal view
MARC view
Entry Topical Term
001 - CONTROL NUMBER
- control field: 6618
003 - CONTROL NUMBER IDENTIFIER
- control field: BD-RjUL
005 - DATE AND TIME OF LATEST TRANSACTION
- control field: 20230117181121.0
008 - FIXED-LENGTH DATA ELEMENTS
- fixed length control field: 230117|| aca||aabn | a|a d
040 ## - CATALOGING SOURCE
- Original cataloging agency: BD-RjUL
- Transcribing agency: BD-RjUL
150 ## - HEADING--TOPICAL TERM
- Topical term or geographic name entry element: Ground water
- Form subdivision: Geology
- Geographic subdivision: Rajshahi
670 ## - SOURCE DATA FOUND
- Source citation: Work cat.: (BD-RjUL)81094: Uddin, S. M. Helal 6617, Geo-Chemistry of ground water in Rajshahi City and Improving its Quality for Dringking Purpose /, 2013